000 00512njm a2200181 i 4500
001 C2-0218312
003 PPAK
005 20180729152127.0
008 990727s1991 my |||| ||||| | may d
040 _aPPAK
_beng
_cPPAK
_erda
245 0 0 _aDialog Utara V
264 1 _aAlor Setar, Kedah :
_bPerbadanan Perpustakaan Awam Kedah ,
_c1991
336 _2rdacontent
_atext
337 _2rdamedia
_aunmediated
338 _2rdacarrier
_avolume
500 _aDirakam pada 6/5/91 ; Tiada transkripsi
942 _ddc
_cB
999 _c163166
_d163166